00600 2200229 4500001002300000005001700023006001900040008004100059035002500100040001200125082001400137084001400151090002100165100001800186245003100204260002900235300002900264850001500293990002600308990001800334990001800352NBPULOB00000000001104320140717132043.0a ||| | 161121| ||| |  a0010-071400000001449 aNPBULOB0 a398-Rah-c a398-Rah-c a300/ Ilmu Sosial0 aMB. Rahimsyah00aCerita Rakyat Lombok (NTB) aSurabayabMitra Cendikia a64 hlmbIlusc23 x 15 cm aKPAD Lobar a12.540-1243/sumb/2007 a17631/PN/2014 a17632/PN/2014